000
00260nam a2200097Ia 4500
001
643310
005
20250826153543.0
008
250824s9999 xx 000 0 und d
245
0
_a
PARADOKYA ADALET YILDIZI VE KAYIP PUSULA
_c
CEM GÜLBENT
260
_b
GENÇ TİMAŞ
999
_c
643310
_d
643310